| 000 | 00747nam a22002770a 4500 | ||
|---|---|---|---|
| 001 | PT52023 | ||
| 003 | AR-LpoUNG | ||
| 005 | 20210131231453.0 | ||
| 008 | 191001s1981||||xxu|||||||||||||||||spa d | ||
| 040 |
_aAR-LpoUNG _bspa _cAR-LpoUNG _eaacr |
||
| 041 | _aspa | ||
| 044 | _axxu | ||
| 082 | 0 | _aA861 425ant | |
| 100 | 1 | _aGhiragossián, Alicia | |
| 245 | 1 | 0 |
_aAntología poética : _b1966 - 1981 |
| 250 | _a1§ ed. | ||
| 260 |
_aLos Angeles : _bFundación Cultural Argentino-Americana, _c1981. |
||
| 300 |
_a201 p. : _bil., grafs., fot., mapas |
||
| 650 | 4 | _aARGENTINA | |
| 650 | 4 | _aLITERATURA | |
| 650 | 4 | _aPOESIA | |
| 651 | 4 | _aDOCUMENTOS TEORICOS O METODOLOGICOS | |
| 653 | _aLITERATURA ARGENTINA | ||
| 905 | _a52023 | ||
| 942 | _cLIB | ||
| 999 |
_c10215 _d10215 |
||